• 首页
  • 本馆介绍
  • 公告通知
  • 最新文献
  • 馆藏检索
  • 电子资源
  • 读者导购
  • 参考咨询
  • 我的图书馆
  • 登录
  • 详细信息显示
  • 放入我的书架
  • 预约/预借图书
  • 作者相关作品
  • 分类相关作品
  • 丛书相关作品
  • 出版社相关作品

书目信息

  • 表格格式
  • 工作单格式
  • 卡片格式
题名:
整体煤气化联合循环(IGCC)发电工程
    
 
作者: 许世森 主编
分册:  
出版信息: 北京   中国电力出版社  2016.12
页数: 528页
开本: 26cm
丛书名:
单 册:
中图分类: TM611.31
科图分类:
主题词: 燃气-蒸汽联合循环发电--电力工程
电子资源:
ISBN: 978-7-5123-0839-8
000 01314nam0 2200241 450
001 0400004928
005 20171025142835.0
010    @a978-7-5123-0839-8@b精装@dCNY150.00
100    @a20170328d2016 em y0chiy50 ea
101 0  @achi
102    @aCN@b110000
105    @aa z 000yy
106    @ar
200 1  @a整体煤气化联合循环(IGCC)发电工程@9zheng ti mei qi hua lian he xun huan(IGCC)fa dian gong cheng@dIntegrated gasification combined cycle@f许世森主编@zeng
210    @a北京@c中国电力出版社@d2016.12
215    @a528页@c图@d26cm
330    @a本书主要介绍了IGCC发电系统的构成和IGCC发电技术的特点,国内外IGCC发展现状和趋势,IGCC关键技术和设备,IGCC技术参数及优化,IGCC总体性能特性,IGCC经济性分析,IGCC电厂的环保性能,IGCC电厂煤气化工艺及煤气净化工艺,IGCC电厂燃气轮机的特点及选择,IGCC电厂余热锅炉和蒸汽轮机的特点、蒸汽系统的特点与参数选择,IGCC电厂空分系统的构成、空分参数、技术经济指标,IGCC电厂控制系统构成及优化,IGCC电厂冷却系统、水处理系统等辅助系统,以及IGCC电厂动态特性,同时对IGCC示范电厂、CO2减排潜力和中国的绿色煤电计划也作了简要介绍。
510 1  @aIntegrated gasification combined cycle@zeng
606 0  @a燃气-蒸汽联合循环发电@x电力工程
690    @aTM611.31@v5
701  0 @a许世森@9xu shi sen@f(1965-)@4主编
801  0 @aCN@b91MARC@c20171025
905    @b1039937-40@dTM611.31@f4@e23
    
    整体煤气化联合循环(IGCC)发电工程=Integrated gasification combined cycle/许世森主编.-北京:中国电力出版社,2016.12
    528页:图;26cm
    
    
    ISBN 978-7-5123-0839-8(精装):CNY150.00
    本书主要介绍了IGCC发电系统的构成和IGCC发电技术的特点,国内外IGCC发展现状和趋势,IGCC关键技术和设备,IGCC技术参数及优化,IGCC总体性能特性,IGCC经济性分析,IGCC电厂的环保性能,IGCC电厂煤气化工艺及煤气净化工艺,IGCC电厂燃气轮机的特点及选择,IGCC电厂余热锅炉和蒸汽轮机的特点、蒸汽系统的特点与参数选择,IGCC电厂空分系统的构成、空分参数、技术经济指标,IGCC电厂控制系统构成及优化,IGCC电厂冷却系统、水处理系统等辅助系统,以及IGCC电厂动态特性,同时对IGCC示范电厂、CO2减排潜力和中国的绿色煤电计划也作了简要介绍。
●
相关链接 在E读中查询图书 在五车中查询图书 在当当中查询图书 在豆瓣中查询图书


正题名:整体煤气化联合循环(IGCC)发电工程     索取号:TM611.31/23         预约/预借

序号 登录号 条形码 馆藏地/架位号 状态 备注
1 1039937   210399371   第二样本阅览室/ [索取号:TM611.31/23] 在馆    
2 1039938   210399380   第三借阅区/ [索取号:TM611.31/23] 在馆    
3 1039939   210399399   第三借阅区/ [索取号:TM611.31/23] 在馆    
4 1039940   210399406   密集书库-化学系/ [索取号:TM611.31/23] 在馆    
唐山师范学院图书馆 欢迎您!
大连网信软件有限公司© 版权所有